[Event "Olimpiade 2014 - Open"]
[Site "Tromsø"]
[Date "03.08.2014"]
[Round "2.19"]
[Board "1"]
[White "Wiedenkeller, Michael"]
[Black "Solak, Dragan"]
[Result "1/2-1/2"]
[WhiteTitle "IM"]
[BlackTitle "GM"]
[WhiteElo "2471"]
[BlackElo "2632"]
[WhiteTeam "Luxembourg"]
[BlackTeam "Turkey"]
[WhiteFideId "1700146"]
[BlackFideId "916811"]
[EventDate "2014.08.02"]

1. d4 d6 2. c4 e5 3. d5 Be7 4. e4 a5 5. Bd3 Bg5 6. Ne2 Bxc1 7. Qxc1 Na6 8. Nbc3
Ne7 9. O-O O-O 10. Qd2 Ng6 11. b3 Qf6 12. f3 Nh4 13. Kh1 Qe7 14. a3 f5 15. exf5
Nc5 16. Bc2 Bxf5 17. Ne4 Bxe4 18. fxe4 Rxf1+ 19. Rxf1 Rf8 20. Ng3 Rxf1+ 21. Nxf1
Qf6 22. Kg1 Qf4 23. Qe3 Ng6 24. g3 Qg4 25. Kf2 Ne7 26. Qf3 Qh3 27. Qc3 b6 28. b4
axb4 29. axb4 Nd7 30. Bd1 Nf6 31. Bf3 Qc8 32. c5 bxc5 33. bxc5 Qb8 34. Ne3 Qa7
35. cxd6 cxd6 36. h4 h5 37. Kg2 Kh7 38. Kf2 Qa2+ 39. Qc2 Qa7 40. Qc3 Qa2+ 41.
Qc2 Qa5 42. Qe2 Qb4 43. Qc4 Qd2+ 44. Qe2 Qb4 45. Qc4 Qb6 46. Qe2 g6 47. Kg2 Neg8
48. Nd1 Nh6 49. Nf2 Kg7 50. Qd2 Qc5 51. Qb2 Nf7 52. Qe2 Qd4 53. Qd1 Qe3 54. Qe2
Qb6 55. Qd2 Qd4 56. Qd1 Qc3 57. Qe2 Qb4 58. Qe3 Qa4 59. Qc1 Qa7 60. Qc8 Qd7 61.
Qxd7 Nxd7 1/2-1/2

[Event "Olimpiade 2014 - Open"]
[Site "Tromsø"]
[Date "03.08.2014"]
[Round "2.19"]
[Board "2"]
[White "Can, Emre"]
[Black "Berend, Elvira"]
[Result "1/2-1/2"]
[WhiteTitle "GM"]
[BlackTitle "WGM"]
[WhiteElo "2529"]
[BlackElo "2330"]
[WhiteTeam "Turkey"]
[BlackTeam "Luxembourg"]
[WhiteFideId "6302181"]
[BlackFideId "4000510"]
[EventDate "2014.08.02"]

1. d4 Nf6 2. c4 g6 3. Nc3 Bg7 4. e4 d6 5. Nf3 O-O 6. h3 e5 7. d5 a5 8. Bg5 Na6
9. Be2 Qe8 10. Nd2 Nd7 11. g4 Ndc5 12. Nf1 Bd7 13. Ng3 Na4 14. Nxa4 Bxa4 15. Qd2
Nc5 16. h4 Bd7 17. h5 a4 18. f3 b5 19. Rc1 bxc4 20. Bxc4 Rb8 21. Be3 Bb5 22.
Bxc5 dxc5 23. Qh2 Bxc4 24. Rxc4 Qb5 25. Rc2 Rfd8 26. hxg6 hxg6 27. Ne2 Qd3 28.
Ng1 a3 29. b3 Rxb3 30. axb3 a2 31. Rc1 a1=Q 32. Rxa1 Qc3+ 33. Kf2 Qxa1 34. Ne2
Qb2 35. Qh4 Re8 36. Qg5 Qxb3 37. Rc1 Qb6 38. Kg3 Ra8 39. Nc3 Qb2 40. Qe3 Ra3 41.
Nd1 Rxe3 42. Nxb2 Re2 43. Nd3 Rd2 44. Rc3 c4 45. Nf2 Rd4 46. g5 Bf8 47. Ng4 Bb4
48. Rc2 Be1+ 49. Kh3 Bd2 50. Nxe5 c3 51. Kg3 Rb4 52. Nd3 Rd4 53. Ne5 Rb4 54. Nd3 1/2-1/2

[Event "Olimpiade 2014 - Open"]
[Site "Tromsø"]
[Date "03.08.2014"]
[Round "2.19"]
[Board "3"]
[White "Berend, Fred"]
[Black "Yilmaz, Mustafa"]
[Result "0-1"]
[WhiteTitle "IM"]
[BlackTitle "GM"]
[WhiteElo "2380"]
[BlackElo "2569"]
[WhiteTeam "Luxembourg"]
[BlackTeam "Turkey"]
[WhiteFideId "4000102"]
[BlackFideId "6302718"]
[EventDate "2014.08.02"]

1. d4 Nf6 2. c4 e6 3. Nc3 c5 4. d5 exd5 5. cxd5 d6 6. Nf3 g6 7. Bf4 a6 8. a4 Bg7
9. h3 O-O 10. e3 Re8 11. Nd2 Nbd7 12. Nc4 Ne4 13. Nxe4 Rxe4 14. Qc2 Nf6 15. Bh2
Re7 16. Be2 Nxd5 17. Bxd6 Rd7 18. Be5 Nb4 19. Qc3 Nd3+ 20. Bxd3 Rxd3 21. Qc1
Bxe5 22. Nxe5 Rd5 23. Nc4 Rg5 24. Kf1 Qd3+ 25. Kg1 Qe4 26. Qf1 Be6 27. Nd2 Qc2
28. Qc1 Qd3 29. Nf3 Rd5 30. Kh2 Rad8 31. Re1 Qe4 32. Qb1 Qb4 33. Qc2 Rd3 34.
Rec1 b6 35. a5 Bb3 36. Qe2 bxa5 37. Qe1 Qb8+ 38. g3 Bd5 39. e4 Ba8 40. Rc3 Qxb2
41. Rxd3 Rxd3 42. Rb1 Qf6 43. Rb8+ Rd8 44. e5 Qe7 45. Rb3 c4 46. Re3 Rd3 47. Nd2
Qb7 48. f3 Qd5 49. Rxd3 cxd3 50. g4 a4 51. Qa1 Qc5 52. Kg3 a3 53. h4 h6 54. Kh3
Qe3 55. e6 Qxe6 56. Qxa3 Qe3 57. Qxa6 Bxf3 58. Nf1 Bxg4+ 59. Kg2 Qf3+ 60. Kg1
Bh3 0-1

[Event "Olimpiade 2014 - Open"]
[Site "Tromsø"]
[Date "03.08.2014"]
[Round "2.19"]
[Board "4"]
[White "Ipatov, Alexander"]
[Black "Jeitz, Christian"]
[Result "1-0"]
[WhiteTitle "GM"]
[WhiteElo "2614"]
[BlackElo "2189"]
[WhiteTeam "Turkey"]
[BlackTeam "Luxembourg"]
[WhiteFideId "14116731"]
[BlackFideId "4000803"]
[EventDate "2014.08.02"]

1. d4 Nf6 2. Bg5 c5 3. Bxf6 gxf6 4. d5 Qb6 5. Qc1 Bg7 6. c4 f5 7. Nc3 O-O 8. e3
d6 9. Bd3 e6 10. Nf3 Nd7 11. O-O a6 12. Qc2 Nf6 13. Rad1 Qc7 14. dxe6 fxe6 15.
e4 Nh5 16. exf5 Bxc3 17. Qxc3 exf5 18. Rfe1 Qg7 19. Qxg7+ Nxg7 20. Bf1 Rd8 21.
Re7 Re8 22. Re2 Rxe2 23. Bxe2 Ne8 24. Ng5 h6 25. Nh3 Be6 26. Nf4 Bf7 27. Nd5 b5
28. Ne7+ Kf8 29. Nxf5 bxc4 30. Nxh6 Be6 31. f4 Rb8 32. Rd2 Kg7 33. f5 Bd7 34.
Ng4 Bxf5 35. Ne3 Be4 36. Bxc4 a5 37. b3 Rd8 38. Bd5 Nf6 39. Bxe4 Nxe4 40. Rd3
Kf6 41. g3 Ke6 42. Nd5 Ke5 43. a4 Ng5 44. Kg2 Ne6 45. Nc3 d5 46. Re3+ Kd4 47.
Kf2 Rf8+ 48. Ke2 Nc7 49. Kd2 c4 50. Re7 Na6 51. Ne2+ Kc5 52. Nf4 cxb3 53. Kc3
Rb8 54. Re6 d4+ 55. Kb2 Nc7 56. Re7 Kd6 57. Rg7 Ne8 58. Rg5 Nf6 59. Rxa5 Ne4 60.
Rd5+ Kc6 61. Rxd4 Nc5 62. Nd3 Nd7 63. Nb4+ Kc5 64. Rxd7 Kxb4 65. Rd4+ Ka5 66.
Rc4 Rh8 67. h4 Rg8 68. g4 1-0

[Event "Olimpiade 2014 - Open"]
[Site "Tromsø"]
[Date "03.08.2014"]
[Round "2.20"]
[Board "1"]
[White "Zhigalko, Sergei"]
[Black "Megaranto, Susanto"]
[Result "0-1"]
[WhiteTitle "GM"]
[BlackTitle "GM"]
[WhiteElo "2678"]
[BlackElo "2527"]
[WhiteTeam "Belarus"]
[BlackTeam "Indonesia"]
[WhiteFideId "13502956"]
[BlackFideId "7101384"]
[EventDate "2014.08.02"]

1. e4 e5 2. Nf3 Nc6 3. Bb5 a6 4. Ba4 Nf6 5. O-O Be7 6. Re1 b5 7. Bb3 d6 8. c3
O-O 9. h3 Nd7 10. d4 Bf6 11. a4 Rb8 12. axb5 axb5 13. Be3 Nb6 14. d5 Ne7 15. Na3
Bd7 16. Nc2 Na4 17. Bxa4 bxa4 18. Nb4 Qc8 19. Nd2 Bh4 20. Nf3 Ng6 21. Nc6 Bxc6
22. dxc6 Rxb2 23. Qxa4 h6 24. c4 f5 25. c5 f4 26. Bd2 Qe6 27. cxd6 Qxd6 28. Ra2
Rfb8 29. Qc4+ Kh7 30. Rxb2 Rxb2 31. Qd5 Rc2 32. Rc1 Rxc1+ 33. Bxc1 Qb4 34. Bd2
Qb1+ 35. Be1 Bf6 36. Kf1 Qc2 37. Bb4 Qb1+ 38. Be1 Ne7 39. Qc4 Qb6 40. Bc3 Qxc6
41. Qxc6 Nxc6 42. Ke2 Kg8 43. Kd3 Kf7 44. Kc4 Ke6 45. Kb5 Nd8 46. Bb2 h5 47. Nd2
g5 48. f3 Be7 49. Nc4 Nf7 50. Kc6 Bd6 51. Bc3 Nh8 52. Be1 Ng6 53. Bf2 Ne7+ 54.
Kb5 Ng8 55. Kc6 Ne7+ 56. Kb5 Kd7 57. Be1 Ng8 58. Bc3 Ke6 59. Kc6 g4 60. hxg4
hxg4 61. fxg4 Nf6 62. Nd2 Nxg4 63. Nc4 Ne3 64. Nxe3 fxe3 65. Kb5 Kf6 66. Kc4 Kg5
67. Kd3 Kf4 68. g3+ Kf3 69. g4 e2 70. g5 Kf2 71. Kc4 c6 72. g6 Bf8 0-1

[Event "Olimpiade 2014 - Open"]
[Site "Tromsø"]
[Date "03.08.2014"]
[Round "2.20"]
[Board "2"]
[White "Farid, Firman Syah"]
[Black "Zhigalko, Andrey"]
[Result "0-1"]
[WhiteTitle "IM"]
[BlackTitle "GM"]
[WhiteElo "2400"]
[BlackElo "2580"]
[WhiteTeam "Indonesia"]
[BlackTeam "Belarus"]
[WhiteFideId "7102526"]
[BlackFideId "13502247"]
[EventDate "2014.08.02"]

1. d4 Nf6 2. Nf3 e6 3. c4 b6 4. g3 Bb7 5. Bg2 c5 6. Nc3 cxd4 7. Qxd4 Nc6 8. Qf4
Rc8 9. O-O Ne7 10. b3 Ng6 11. Qd4 Bc5 12. Qd3 O-O 13. Bb2 a6 14. Rad1 Be7 15. e4
Qc7 16. Nd4 Rfd8 17. Qe2 Qb8 18. Rfe1 Bc5 19. a3 Bf8 20. Rd2 d6 21. Red1 Re8 22.
Qf1 Qa8 23. Re1 Ne5 24. h3 Ned7 25. f4 Nc5 26. e5 Nfe4 27. Nxe4 Nxe4 28. Rd3
Rcd8 29. exd6 Bxd6 30. Kh2 Be7 31. Qh1 f5 32. Qf1 Bf6 33. Red1 Rd6 34. Qe2 Red8
35. b4 Qc8 36. Qc2 e5 37. fxe5 Bxe5 38. Nxf5 Qxf5 39. Bxe5 Qxe5 40. Rxd6 Qxg3+
41. Kh1 Rxd6 0-1

[Event "Olimpiade 2014 - Open"]
[Site "Tromsø"]
[Date "03.08.2014"]
[Round "2.20"]
[Board "4"]
[White "Priasmoro, Novendra"]
[Black "Stupak, Kirill"]
[Result "0-1"]
[BlackTitle "GM"]
[WhiteElo "2250"]
[BlackElo "2514"]
[WhiteTeam "Indonesia"]
[BlackTeam "Belarus"]
[WhiteFideId "7105029"]
[BlackFideId "13503758"]
[EventDate "2014.08.02"]

1. e4 c6 2. d4 d5 3. Nd2 g6 4. Ngf3 Bg7 5. h3 Nh6 6. Bd3 O-O 7. O-O f6 8. b3 e5
9. dxe5 fxe5 10. Re1 Nf7 11. Ba3 Re8 12. c4 d4 13. c5 Be6 14. b4 Nd7 15. Bc4 Qf6
16. Bxe6 Qxe6 17. Qb3 a5 18. Reb1 Qxb3 19. Nxb3 axb4 20. Bxb4 Ra4 21. a3 Bf8 22.
Ne1 Ng5 23. f3 Ne6 24. Nd3 Rea8 25. Rc1 R4a6 26. Rc2 Be7 27. g3 g5 28. Rf1 Rf8
29. Kg2 h5 30. Kh2 Rf7 31. Kg2 h4 32. gxh4 gxh4 33. Kh2 Kh7 34. Rcf2 Bg5 35. Rg2
Ra8 36. Rg4 Raf8 37. Nd2 Nf6 38. Rxg5 Nxg5 39. Nxe5 Re7 40. Nd3 Nh5 41. Ne1 Ng3
42. Rg1 Rg7 43. Rg2 Kh6 44. Rg1 Kh5 45. Rg2 Rgf7 46. a4 Ne6 47. Nd3 Nf1+ 48.
Nxf1 Rxf3 49. Ng3+ hxg3+ 50. Rxg3 Ng5 51. Be1 Rxg3 52. Kxg3 Rf3+ 0-1

[Event "Olimpiade 2014 - Open"]
[Site "Tromsø"]
[Date "03.08.2014"]
[Round "2.21"]
[Board "1"]
[White "Ivanisevic, Ivan"]
[Black "Larrea, Manuel"]
[Result "1-0"]
[WhiteTitle "GM"]
[BlackTitle "FM"]
[WhiteElo "2613"]
[BlackElo "2333"]
[WhiteTeam "Serbia"]
[BlackTeam "Uruguay"]
[WhiteFideId "912417"]
[BlackFideId "3000508"]
[EventDate "2014.08.02"]

1. d4 Nf6 2. c4 g6 3. Nc3 Bg7 4. e4 d6 5. Bd3 Nbd7 6. f4 e5 7. fxe5 dxe5 8. d5
Nh5 9. Nf3 O-O 10. O-O Nc5 11. Bc2 a5 12. Bg5 Bf6 13. Be3 Qe7 14. Qd2 Bg4 15.
Rad1 Rad8 16. Na4 Nxa4 17. Bxa4 Nf4 18. c5 Bd7 19. Bxd7 Qxd7 20. Bxf4 exf4 21.
e5 Bg7 22. Qxf4 Qb5 23. Qd4 Rfe8 24. Rfe1 Bf8 25. d6 b6 26. Ng5 Qxc5 27. Qxc5
bxc5 28. Ne4 cxd6 29. Nf6+ Kg7 30. Nxe8+ Rxe8 31. exd6 Rxe1+ 32. Rxe1 Bxd6 33.
b3 Kf6 34. Re8 Be5 35. Kf2 h5 36. h3 Bc3 37. Ke3 Kf5 38. Kd3 Bb4 39. Re4 Kg5 40.
Kc4 Kf5 41. Kd5 Kg5 42. Rc4 Kf5 43. a4 Kf6 44. Rxc5 Bxc5 45. Kxc5 Ke5 46. b4
axb4 47. Kxb4 Kd6 48. Kb5 Kc7 49. Kc5 h4 50. Kd5 1-0

[Event "Olimpiade 2014 - Open"]
[Site "Tromsø"]
[Date "03.08.2014"]
[Round "2.21"]
[Board "2"]
[White "Lopez Azambuja, Nicolas"]
[Black "Perunovic, Milos"]
[Result "0-1"]
[WhiteTitle "FM"]
[BlackTitle "GM"]
[WhiteElo "2255"]
[BlackElo "2602"]
[WhiteTeam "Uruguay"]
[BlackTeam "Serbia"]
[WhiteFideId "3003809"]
[BlackFideId "921629"]
[EventDate "2014.08.02"]

1. d4 Nf6 2. c4 c5 3. d5 b5 4. cxb5 a6 5. bxa6 g6 6. Nc3 Bg7 7. e4 O-O 8. Nf3
Qa5 9. Bd2 Bxa6 10. Be2 Bxe2 11. Qxe2 d6 12. a4 Qb4 13. O-O Nbd7 14. b3 c4 15.
bxc4 Rfc8 16. Rfe1 Rxc4 17. Rab1 Qc5 18. Rb3 Rc8 19. h3 Nh5 20. Nb5 Rxa4 21. Rc1
Ng3 22. Qd3 Qxc1+ 23. Bxc1 Rxc1+ 24. Kh2 Nf1+ 25. Kg1 Nc5 0-1

[Event "Olimpiade 2014 - Open"]
[Site "Tromsø"]
[Date "03.08.2014"]
[Round "2.21"]
[Board "3"]
[White "Markus, Robert"]
[Black "Roselli Mailhe, Bernardo"]
[Result "1-0"]
[WhiteTitle "GM"]
[BlackTitle "IM"]
[WhiteElo "2602"]
[BlackElo "2425"]
[WhiteTeam "Serbia"]
[BlackTeam "Uruguay"]
[WhiteFideId "921637"]
[BlackFideId "3000028"]
[EventDate "2014.08.02"]

1. d4 Nf6 2. c4 g6 3. Nf3 Bg7 4. g3 O-O 5. Bg2 d6 6. O-O Nc6 7. Nc3 a6 8. Bd2
Bg4 9. d5 Na7 10. h3 Bd7 11. e4 e5 12. Ne1 b5 13. b3 c5 14. dxc6 Bxc6 15. Nc2
Qd7 16. Ne3 Nc8 17. a4 bxa4 18. bxa4 Ne8 19. h4 Nc7 20. Ncd5 Rb8 21. h5 Ne6 22.
Bh3 Qd8 23. Ng4 Bxd5 24. cxd5 Nd4 25. Kg2 Nb6 26. Rc1 Nd7 27. Rh1 Nc5 28. Nh6+
Kh8 29. Nxf7+ Rxf7 30. hxg6 hxg6 31. Be6+ Kg8 32. Bxf7+ Kxf7 33. Qg4 Rb2 34. Be3
Nd7 35. Bxd4 exd4 36. Qe6+ Kf8 37. Qxd6+ Qe7 38. Qxg6 Rb8 39. Rc7 Qf6 40. Qh5
Ne5 41. Rhc1 Kg8 42. Rc8+ Rxc8 43. Rxc8+ Bf8 44. f4 Ng6 45. Rc6 Bd6 46. e5 Qf7
47. Kg1 1-0

[Event "Olimpiade 2014 - Open"]
[Site "Tromsø"]
[Date "03.08.2014"]
[Round "2.21"]
[Board "4"]
[White "Muniz, Rafael"]
[Black "Indjic, Aleksandar"]
[Result "0-1"]
[BlackTitle "GM"]
[WhiteElo "2272"]
[BlackElo "2539"]
[WhiteTeam "Uruguay"]
[BlackTeam "Serbia"]
[WhiteFideId "3000486"]
[BlackFideId "911925"]
[EventDate "2014.08.02"]

1. e4 c5 2. Nf3 d6 3. d4 cxd4 4. Nxd4 Nf6 5. Nc3 a6 6. Bg5 e6 7. f4 h6 8. Bh4
Qb6 9. a3 Nc6 10. Bf2 Qc7 11. Qf3 Be7 12. Bd3 Bd7 13. Nb3 b5 14. O-O Rb8 15.
Rae1 b4 16. axb4 Nxb4 17. e5 Bc6 18. Qh3 Nxd3 19. Qxd3 dxe5 20. fxe5 Nd5 21. Nc5
Bxc5 22. Bxc5 Bb5 23. Qd4 Nxc3 24. bxc3 Bxf1 25. Rxf1 Rb5 26. Bd6 Qb6 27. Qxb6
Rxb6 28. c4 f5 29. c5 Rb2 30. Ra1 Rxc2 31. Rxa6 Kf7 32. c6 Rc8 33. Ra7+ Kg6 34.
c7 f4 35. Kf1 Kf5 36. Kg1 g5 37. h3 h5 38. Rb7 g4 39. Rb8 g3 40. Kf1 R8xc7 41.
Bxc7 Rxc7 42. Rb5 Rc1+ 0-1

[Event "Olimpiade 2014 - Open"]
[Site "Tromsø"]
[Date "03.08.2014"]
[Round "2.22"]
[Board "1"]
[White "Zambrana, Oswaldo"]
[Black "Leitao, Rafael"]
[Result "1/2-1/2"]
[WhiteTitle "GM"]
[BlackTitle "GM"]
[WhiteElo "2472"]
[BlackElo "2649"]
[WhiteTeam "Bolivia"]
[BlackTeam "Brazil"]
[WhiteFideId "3300200"]
[BlackFideId "2101246"]
[EventDate "2014.08.02"]

1. e4 e5 2. Nf3 Nc6 3. Bc4 Bc5 4. O-O Nf6 5. d3 d6 6. c3 a6 7. Bb3 O-O 8. Be3
Bxe3 9. fxe3 Ne7 10. Nbd2 Ng6 11. Qe2 Be6 12. Bxe6 fxe6 13. d4 Qe7 14. a4 exd4
15. cxd4 c6 16. Qc4 d5 17. Qb3 e5 18. exd5 cxd5 19. Ne4 Rad8 20. Nxf6+ Rxf6 21.
dxe5 Nxe5 22. Nxe5 Rxf1+ 23. Rxf1 Qxe5 24. Rf3 Rd7 25. Qb4 h6 26. Qf8+ Kh7 27.
Qf4 Qe4 28. Qf5+ Qxf5 29. Rxf5 d4 30. Kf2 d3 31. Ke1 Rc7 32. Rf2 Rc1+ 33. Kd2
Rc2+ 34. Ke1 Rc1+ 1/2-1/2

[Event "Olimpiade 2014 - Open"]
[Site "Tromsø"]
[Date "03.08.2014"]
[Round "2.22"]
[Board "2"]
[White "Fier, Alexandr"]
[Black "Gemy, Jose Daniel"]
[Result "1-0"]
[WhiteTitle "GM"]
[BlackTitle "IM"]
[WhiteElo "2570"]
[BlackElo "2332"]
[WhiteTeam "Brazil"]
[BlackTeam "Bolivia"]
[WhiteFideId "2107139"]
[BlackFideId "3301478"]
[EventDate "2014.08.02"]

1. d4 d5 2. c4 c6 3. Nc3 Nf6 4. e3 a6 5. Qc2 g6 6. Bd3 Bg7 7. Nf3 O-O 8. O-O e6
9. b3 Re8 10. Bb2 Nbd7 11. Rad1 b5 12. e4 b4 13. Na4 dxe4 14. Bxe4 Qc7 15. Ne5
Nxe5 16. dxe5 Ng4 17. Rd6 Nxe5 18. c5 f5 19. f4 Nf7 20. Bxg7 Kxg7 21. Bxc6 Bb7
22. Bxb7 Qxb7 23. Rb6 Qe7 24. Rxb4 Rad8 25. Qc3+ Kg8 26. Nb6 Qc7 27. Rd4 Rxd4
28. Qxd4 e5 29. fxe5 Nxe5 30. Nd5 Qg7 31. Rd1 Kh8 32. Qa4 Rd8 33. c6 Qa7+ 34.
Kf1 Kg7 35. c7 Rxd5 36. Rxd5 Qxc7 37. Qf4 Kf6 38. h3 Ke6 39. Rd1 Qc3 40. Qd4 Qc7
41. Qd5+ Ke7 42. Re1 Kf6 43. Qd4 a5 44. a3 g5 45. b4 axb4 46. axb4 Qb8 47. Qc5
Ng6 48. b5 Qf4+ 49. Kg1 Qd2 50. Qe3 Qb4 51. Qe6+ Kg7 52. b6 Kh6 53. Rc1 g4 54.
Qe3+ f4 55. Qc5 Qe4 56. hxg4 Ne7 57. Qd6+ Kg5 58. Rc5+ Kxg4 59. Qd7+ 1-0

[Event "Olimpiade 2014 - Open"]
[Site "Tromsø"]
[Date "03.08.2014"]
[Round "2.22"]
[Board "3"]
[White "Cueto, Jonny"]
[Black "Milos, Gilberto"]
[Result "0-1"]
[WhiteTitle "IM"]
[BlackTitle "GM"]
[WhiteElo "2283"]
[BlackElo "2583"]
[WhiteTeam "Bolivia"]
[BlackTeam "Brazil"]
[WhiteFideId "3300145"]
[BlackFideId "2100029"]
[EventDate "2014.08.02"]

1. d4 Nf6 2. e3 c5 3. b3 cxd4 4. exd4 g6 5. Bb2 d5 6. Nf3 Bg7 7. Bd3 O-O 8. O-O
Nc6 9. a3 Ne4 10. Nbd2 Bf5 11. Re1 Nd6 12. Nf1 Bg4 13. Be2 Qb6 14. Ne5 Bxe2 15.
Rxe2 Rfc8 16. Nxc6 Qxc6 17. Rxe7 Qxc2 18. Re2 Qxd1 19. Rxd1 Bh6 20. f3 Rc6 21.
Kf2 Rac8 22. Ne3 Re8 23. Rde1 Rb6 24. b4 Bxe3+ 25. Rxe3 Rxe3 26. Rxe3 Kf8 27.
Re1 Nc4 28. Bc1 f6 29. h4 Kf7 30. g4 Rc6 31. b5 Rb6 32. a4 a6 33. bxa6 Rxa6 34.
g5 f5 35. Bf4 Rxa4 36. Rb1 b6 37. Kg3 Ra7 38. h5 gxh5 39. Rh1 Kg6 40. Re1 b5 41.
Re6+ Kg7 42. Be5+ Nxe5 43. dxe5 Rb7 44. Rd6 b4 45. e6 Kf8 46. Rxd5 b3 47. Rd1 b2
48. Rb1 Rb4 49. f4 Ke7 50. Kh4 Rb3 0-1

[Event "Olimpiade 2014 - Open"]
[Site "Tromsø"]
[Date "03.08.2014"]
[Round "2.22"]
[Board "4"]
[White "El Debs, Felipe de Cresce"]
[Black "Monroy G., Javier A."]
[Result "1-0"]
[WhiteTitle "GM"]
[WhiteElo "2522"]
[BlackElo "2150"]
[WhiteTeam "Brazil"]
[BlackTeam "Bolivia"]
[WhiteFideId "2106981"]
[BlackFideId "3302067"]
[EventDate "2014.08.02"]

1. d4 Nf6 2. c4 c5 3. d5 b5 4. cxb5 a6 5. bxa6 Bxa6 6. Nc3 g6 7. e4 Bxf1 8. Kxf1
d6 9. g3 Bg7 10. Kg2 O-O 11. Nf3 Nbd7 12. a4 Qa5 13. Bd2 Qb4 14. Qe2 Rfb8 15.
Rhb1 h6 16. b3 g5 17. h3 Kf8 18. Ra2 Rb7 19. Ne1 Ne5 20. Nc2 Qb6 21. Ne3 Qa6 22.
Qxa6 Rxa6 23. f3 e6 24. Rc2 Nd3 25. dxe6 fxe6 26. Nb5 Nd7 27. Bc3 Bxc3 28. Rxc3
Nb4 29. Rd1 Ke7 30. Nc4 d5 31. exd5 exd5 32. Re3+ Kf6 33. Ncd6 Rbb6 34. Ne8+ Kf7
35. Nec7 d4 36. Nxa6 Rxa6 37. Re4 Nf6 38. Re5 Nfd5 39. Rc1 Nd3 40. Rxc5 Nxc5 41.
Rxd5 Nxb3 42. Nxd4 Nd2 43. Nf5 Nc4 44. Rc5 Nb2 45. a5 Re6 46. Rc7+ Kf8 47. Nd4
Rd6 48. Nb3 Re6 49. Rc2 Nd3 50. Rd2 Re3 51. a6 Ne1+ 52. Kf2 Rxb3 53. a7 Ra3 54.
Rd8+ Ke7 55. a8=Q Rxa8 56. Rxa8 Nd3+ 57. Ke3 Ne5 58. Ke4 Ng6 59. Kf5 Kf7 60.
Ra7+ 1-0

[Event "Olimpiade 2014 - Open"]
[Site "Tromsø"]
[Date "03.08.2014"]
[Round "2.23"]
[Board "1"]
[White "Le, Quang Liem"]
[Black "Efimov, Igor"]
[Result "1-0"]
[WhiteTitle "GM"]
[BlackTitle "GM"]
[WhiteElo "2710"]
[BlackElo "2408"]
[WhiteTeam "Vietnam"]
[BlackTeam "Monaco"]
[WhiteFideId "12401137"]
[BlackFideId "806404"]
[EventDate "2014.08.02"]

1. d4 d6 2. Nf3 Nf6 3. c4 Nbd7 4. Nc3 e5 5. e4 Be7 6. Be2 O-O 7. O-O c6 8. Qc2
a6 9. Rd1 Qc7 10. h3 Re8 11. Be3 b6 12. Rac1 Bb7 13. d5 cxd5 14. cxd5 Rec8 15.
Nd2 Bd8 16. Qb1 Qb8 17. b4 h6 18. Rc2 Rc7 19. Rdc1 Bc8 20. Nc4 Ne8 21. a4 Bg5
22. Bxg5 hxg5 23. Bd3 g6 24. Nd1 Bb7 25. Nde3 Qd8 26. Be2 Rb8 27. Qb3 Bc8 28.
Qd3 a5 29. bxa5 bxa5 30. Qa3 Rb4 31. Nxa5 Rxc2 32. Nxc2 Rxe4 33. Nc6 Qf6 34. Ne3
Nc5 35. a5 Nc7 36. Qb2 Kg7 37. Qb8 Ba6 38. Bf3 Rxe3 39. fxe3 e4 40. Bg4 Nxd5 41.
Qb1 Nxe3 42. Nb4 Nxg4 43. hxg4 Qd4+ 44. Kh1 Qf2 45. Nxa6 Nxa6 46. Qxe4 Nc5 47.
Qf3 Qa2 48. Qc3+ Kh7 49. Qc4 1-0

[Event "Olimpiade 2014 - Open"]
[Site "Tromsø"]
[Date "03.08.2014"]
[Round "2.23"]
[Board "2"]
[White "Villegas, Pierre"]
[Black "Nguyen, Ngoc Truong Son"]
[Result "0-1"]
[WhiteTitle "FM"]
[BlackTitle "GM"]
[WhiteElo "2323"]
[BlackElo "2634"]
[WhiteTeam "Monaco"]
[BlackTeam "Vietnam"]
[WhiteFideId "654183"]
[BlackFideId "12401110"]
[EventDate "2014.08.02"]

1. d4 d5 2. c4 c6 3. Nf3 Nf6 4. e3 Bf5 5. Nc3 e6 6. Nh4 Bg6 7. Be2 Nbd7 8. O-O
dxc4 9. Nxg6 hxg6 10. Bxc4 Qc7 11. g3 Be7 12. Bd2 a6 13. Rc1 c5 14. dxc5 Qxc5
15. Be2 Qf5 16. f4 g5 17. Bf3 gxf4 18. gxf4 g5 19. Qe2 gxf4 20. exf4 Bc5+ 21.
Kh1 Ke7 22. Rce1 Rh3 23. Ne4 Rah8 24. Ng5 R3h4 25. Qg2 Ng4 26. Bxg4 Rxh2+ 27.
Qxh2 Rxh2+ 28. Kxh2 Qxg4 29. Ne4 Bd4 30. Bb4+ Kd8 31. Bc3 Bxc3 32. Nxc3 Nf6 33.
Re2 Nh5 34. Rd2+ Ke7 35. Ne2 Nf6 36. Nc3 b5 37. a3 Nh5 38. Ne2 a5 39. Rf2 Nf6
40. Rd1 Qh4+ 41. Kg1 Ng4 0-1

[Event "Olimpiade 2014 - Open"]
[Site "Tromsø"]
[Date "03.08.2014"]
[Round "2.23"]
[Board "3"]
[White "Nguyen, Duc Hoa"]
[Black "Van Hoolandt, Patrick"]
[Result "1-0"]
[WhiteTitle "IM"]
[BlackTitle "FM"]
[WhiteElo "2501"]
[BlackElo "2236"]
[WhiteTeam "Vietnam"]
[BlackTeam "Monaco"]
[WhiteFideId "12401358"]
[BlackFideId "200999"]
[EventDate "2014.08.02"]

1. e4 e5 2. Nf3 Nc6 3. d4 exd4 4. Nxd4 Nf6 5. Nxc6 bxc6 6. e5 Qe7 7. Qe2 Nd5 8.
c4 Nb6 9. Nc3 a5 10. f4 Qe6 11. Be3 Rb8 12. O-O-O Ba6 13. Bxb6 Rxb6 14. Qe3 Rb7
15. Ne4 Be7 16. Nc5 Bxc5 17. Qxc5 Qe7 18. Qxa5 Ra7 19. Bd3 O-O 20. Rd2 Rfa8 21.
Qc3 Bb7 22. Bb1 g6 23. Rhd1 Bc8 24. g3 Ra4 25. h4 d5 26. exd6 cxd6 27. b3 R4a6
28. Rxd6 Bg4 29. R1d2 Be6 30. h5 Bd5 31. Qe5 Qxe5 32. fxe5 Be6 33. h6 Kf8 34.
Rd8+ Ke7 35. Rxa8 Rxa8 36. a4 Ra5 37. Re2 Bc8 38. Kd2 Ke6 39. Be4 Bd7 40. Bg2
Ke7 41. Kc3 Bg4 42. Re1 Ra6 43. Kd4 Rb6 44. Re3 Bd1 45. Kc5 Rb8 46. Bxc6 Bxb3
47. a5 1-0

[Event "Olimpiade 2014 - Open"]
[Site "Tromsø"]
[Date "03.08.2014"]
[Round "2.23"]
[Board "4"]
[White "Ribbegren, Karl Johan"]
[Black "Nguyen, Van Huy"]
[Result "0-1"]
[BlackTitle "IM"]
[WhiteElo "2211"]
[BlackElo "2439"]
[WhiteTeam "Monaco"]
[BlackTeam "Vietnam"]
[WhiteFideId "5400040"]
[BlackFideId "12401064"]
[EventDate "2014.08.02"]

1. Nf3 Nf6 2. c4 e6 3. g3 a6 4. Bg2 b5 5. b3 c5 6. O-O Bb7 7. Bb2 Be7 8. Nc3 Qb6
9. Rb1 O-O 10. e3 d5 11. Qe2 dxc4 12. bxc4 b4 13. Ba1 Qc7 14. Nd1 Nbd7 15. d3
Rad8 16. e4 Bd6 17. Re1 Ne5 18. Nd2 Nxd3 19. Bxf6 gxf6 20. Qxd3 Bf4 21. Qf3 Bxd2
22. Qxf6 Rd4 23. Re2 Qd8 24. Qe5 Qe7 25. f4 Rfd8 26. Nf2 Bc3 27. Qh5 Rd2 28. e5
Bxg2 29. Kxg2 Rxe2 30. Qxe2 Rd2 31. Qg4+ Kf8 32. Rd1 Qd8 33. Rxd2 Qxd2 34. Qh4
Ke8 35. Kf3 Bd4 36. Ng4 Qd3+ 37. Kg2 Qe2+ 0-1